Music Quiz

Random Music or Artist Quiz

Top Hit Artists of the '70s Quiz Stats

 Plays Quiz Updated Aug 6, 2015

Challenge
Share
Tweet
Embed
Score 0/45 Timer 10:00
3 Plays Today
Type Artist % Correct
MaleElton John
97.9%
Group/DuoBee Gees
86%
FemaleCarly Simon
85%
Group/DuoThe Rolling Stones
82.8%
MaleMarvin Gaye
79%
MaleNeil Diamond
72.4%
MaleBarry Manilow
71.4%
Group/DuoThe Carpenters
70.7%
MaleStevie Wonder
69.4%
MaleGlen Campbell
69.4%
Group/DuoThree Dog Night
67.1%
Group/DuoThe Jackson 5
66.7%
MaleJames Taylor
66.2%
FemaleBarbra Streisand
65.8%
FemaleDiana Ross
65.8%
MaleJohn Denver
65%
Group/DuoGladys Knight And The Pips
63.3%
FemaleCher
63%
Group/DuoChicago
61%
FemaleDonna Summer
59.7%
FemaleOlivia Newton-John
58.4%
MaleElvis Presley
57.4%
MaleRod Stewart
57.2%
Type Artist % Correct
Group/DuoTony Orlando And Dawn
56.6%
MaleAl Green
55%
FemaleHelen Reddy
55%
FemaleCarole King
54.5%
Group/DuoElectric Light Orchestra
54.2%
FemaleRoberta Flack
53.7%
Group/DuoThe Doobie Brothers
51.4%
Group/DuoThe Temptations
51.1%
MaleBarry White
50%
FemaleLinda Ronstadt
46.6%
Group/DuoThe Eagles
45.4%
MalePaul McCartney
42.6%
Group/DuoWar
42.2%
Group/DuoEarth, Wind And Fire
41.5%
FemaleAretha Franklin
41.4%
MaleDonny Osmond
34.4%
FemaleMelanie
34%
FemaleAnne Murray
31.3%
FemaleDionne Warwick
30.1%
MaleJames Brown
28.1%
Group/DuoSpinners
28%
FemaleRita Coolidge
17.5%

You're not logged in!

Compare scores with friends on all Sporcle quizzes.
Join for Free
OR
Log In

You Might Also Like...

Show Comments

Extras

Top Quizzes Today


Score Distribution

Your Account Isn't Verified!

In order to create a playlist on Sporcle, you need to verify the email address you used during registration. Go to your Sporcle Settings to finish the process.

Report this User

Report this user for behavior that violates our Community Guidelines.

Details: